| 000 | 01203cam a22002651i 4500 | ||
|---|---|---|---|
| 003 | SA-RiAUC | ||
| 005 | 20250107080508.0 | ||
| 008 | 250105s1982 ||| g f000 0 ara c | ||
| 040 |
_aEG-CaDAJ _bara _cSA-RiAUC _erda |
||
| 082 | 0 | 4 | _a258.2 |
| 090 |
_a258.2 _bق ر ا |
||
| 100 | 1 |
_aالقرافي، أحمد بن إدريس بن عبد الرحمن، _d626-684 هجري _eمؤلف. |
|
| 245 | 1 | 2 |
_aالذخيرة / _cأبو العباس أحمد بن إدريس بن عبد الرحمن المصري القرافي ؛ تحقيق عبد السميع أحمد إمام ؛ إشراف عبد الوهاب عبد اللطيف. |
| 250 | _aالطبعة الثانية. | ||
| 264 | 1 |
_a[مكان النشر غير محدد] : _bوزارة الأوقاف والشؤون الإسلامية، _c1982 |
|
| 300 | _aمجلد | ||
| 336 |
_aنص _btxt _2rdacontent _3كتاب |
||
| 337 |
_aبدون وسيط _bn _2rdamedia |
||
| 338 |
_aمجلد _bnc _2rdacarrier |
||
| 650 | 7 |
_aالفقه المالكي _2aucsh |
|
| 700 | 1 |
_aإمام، عبد السميع أحمد _eمحقق. |
|
| 700 | 1 |
_aعبد اللطيف، عبد الوهاب _eمشرف. |
|
| 942 |
_2ddc _cBOOK _n0 |
||
| 949 |
_aSA-JeALM _d250105 _uosman123 _n1 |
||
| 999 |
_c4515 _d4515 |
||